000
00342 a2200157 4500
001
68392
020
_a
9786556132495
040
_c
Anchieta - Pituba
100
_a
Maria, Mateus de Godoi
240
1
0
_a
Geografia 7º ano
_l
245
1
0
_a
Geografia 7º ano
300
_a
208
362
0
_a
2023
650
4
_a
Geografia e viagens
942
_c
BK
999
_c
68392
_d
68392